Online Catalogue and eLibrary

The Gendered New World Order: (Record no. 1653)

MARC details
000 -LEADER
fixed length control field 00578nam a2200217Ia 4500
005 - DATE AND TIME OF LATEST TRANSACTION
control field 20250123044255.0
008 - FIXED-LENGTH DATA ELEMENTS--GENERAL INFORMATION
fixed length control field 240331s9999 xx 000 0 und d
020 ## - INTERNATIONAL STANDARD BOOK NUMBER
ISBN 041591518X
082 ## - DDC Classification
Item Number - Author Mark TUR
DDC Edition Number 2436
Class No. 305.4
245 #4 - TITLE STATEMENT
Title The Gendered New World Order:
Remainder of title Militarism, Development, and the Environment
260 ## - PUBLICATION, DISTRIBUTION, ETC.
Place of publication, distribution, etc. New York
-- London
Name of publisher, distributor, etc. Routledge
Date of publication, distribution, etc. 1996
300 ## - PHYSICAL DESCRIPTION
Extent (e.g. Volumes, Pages etc.) vii, 247 p.,
650 ## - SUBJECT ADDED ENTRY--TOPICAL TERM
Topical term or geographic name entry element Gender
650 ## - SUBJECT ADDED ENTRY--TOPICAL TERM
Topical term or geographic name entry element Development
650 ## - SUBJECT ADDED ENTRY--TOPICAL TERM
Topical term or geographic name entry element Environment
650 ## - SUBJECT ADDED ENTRY--TOPICAL TERM
Topical term or geographic name entry element Feminism
650 ## - SUBJECT ADDED ENTRY--TOPICAL TERM
Topical term or geographic name entry element Women
700 ## - ADDED ENTRY--PERSONAL NAME
Personal name Turpin, J
Relator term (Role) Editor
700 ## - ADDED ENTRY--PERSONAL NAME
Personal name Lorentzen, L. A
Relator term (Role) Editor
942 ## - Koha item type (Biblio)
Koha item type Books in Stacks (Lending)
Holdings
Lost status Damaged status Collection code Home library Current library Shelving location Date acquired Full call number Accession Number Item type
    Lending WERC Library WERC Library Social Science Cupboard 03/31/2024 305.4 GEN 2436 Books in Stacks (Lending)

© WERC Library